The seaman's monitor : wherein particular advice is given to sea-faring men, with reference to their behaviour, ... With an address to the officers and seamen in Her Majesty's Royal Navy. And some prayers for their use. By Josiah Woodward, ...

Bibliographic Details
Main Author: Woodward, Josiah, 1660-1712
Format: eBook
Language:English
Series:Eighteenth century collections online.
Online Access:Full text online

MARC

Tag First Indicator Second Indicator Subfields
LEADER 00000cam a2200000 4500
001 in00001873513
006 m | d |
007 cr |n||||||||n
008 790922s1705 enk|||| s 00||||eng d
005 20260403180407.0
035 |a (CStRLIN)ESTCT66550 
040 |a Uk-ES  |c Uk-ES  |d CStRLIN  |d Thomson Gale  |d UtOrBLW 
100 1 |a Woodward, Josiah,  |d 1660-1712. 
245 1 4 |a The seaman's monitor :  |b wherein particular advice is given to sea-faring men, with reference to their behaviour, ... With an address to the officers and seamen in Her Majesty's Royal Navy. And some prayers for their use. By Josiah Woodward, ... 
264 3 |a London :  |b printed for the author, by Joseph Downing,  |c 1705. 
300 |a 10 unnumbered pages, 70, 2 unnumbered pages ;  |c 12⁰. 
336 |a text  |b txt  |2 rdacontent 
337 |a computer  |b c  |2 rdamedia 
338 |a online resource  |b cr  |2 rdacarrier 
500 |a Half-title: 'The seaman's monitor, published and distributed by Her Majesty's specialcommand.' - With final leaf of advertisements. 
500 |a Reproduction of original from the British Library. 
510 4 |a English Short Title Catalog,  |c ESTCT66550. 
533 |a Electronic reproduction.  |b Farmington Hills, Mich. :  |c Thomson Gale,  |d 2003.  |n Available via the World Wide Web.  |n Access limited by licensing agreements  |7 s2003 miunns 
500 |a Electronic resource. 
830 0 |a Eighteenth century collections online. 
856 4 0 |u http://proxy.library.tamu.edu/login?url=https://galenet.galegroup.com/servlet/ECCO?c=1&stp=Author&ste=11&af=BN&ae=T066550&tiPG=1&dd=0&dc=flc&docNum=CW108002634&vrsn=1.0&srchtp=a&d4=0.33&n=10&SU=0LRM&locID=txshracd2898  |z Full text online  |t 0 
999 |a MARS 
999 f f |s f76561a5-1bc1-379a-8b28-329faeb16615  |i c4889b0e-f98d-3443-87b6-bc44506ec318  |t 0 
952 f f |a Texas A&M University  |b College Station  |c Electronic Resources  |s www_evans  |d Available Online  |t 0  |h No information provided 
998 f f |t 0  |l Available Online